| 000 | 00899nam a2200265Ia 4500 | ||
|---|---|---|---|
| 999 |
_c54591 _d54591 |
||
| 001 | 21657 | ||
| 003 | GE_BSU | ||
| 005 | 20230731153636.0 | ||
| 008 | 181216s||||||||xx |||||||||||||| ||und|| | ||
| 020 | _a9788360229262 | ||
| 040 | _cGE_BSU | ||
| 041 | _apol | ||
| 080 | _a811.162.1 B-96 | ||
| 100 |
_aBurkat, Agnieszka _919582 |
||
| 245 |
_aHurra!!! Po Polsku : Student's Textbook Volume 2. A2 : _bPropozycja programowa na poziom A2. Podrecznik Studenta / _cAgnieszka Burkat, Agnieszka Jasinska. |
||
| 264 |
_aKrakow : _bProlog, _c2010. |
||
| 300 |
_a188 p. ; _c27 cm. _e+2CD |
||
| 541 | _h10 Gel. | ||
| 653 | _aHurra!!! Po Polsku: Student's Textbook Volume 2 | ||
| 653 | _aPropozycja programowa na poziom A2. Podrecznik Studenta | ||
| 653 | _aПольский язык | ||
| 653 | _aპოლონური ენა | ||
| 700 |
_aJasinska, Agnieszka _919583 _eauthor |
||
| 942 |
_cBK _2udc |
||